000 01398nam a22002657a 4500
999 _c22622
_d22622
003 AR-CdUCM
008 190427b ||||| |||| 00| 0 spa d
020 _a9786124544651
040 _aMUNICIPALIDAD PROVINCIAL DEL CUSCO
_cBIBLIOTECA MUNICIPAL DEL CUSCO
082 _a985.033/C79
_bC79
100 _aCornejo Bouroncle, Jorge
_915278
245 _aTupac Amaru :
_bla revolución precursora de la emancipación continental /
_cJorge Cornejo Bouroncle ; [presentación, Óscar Paredes Pando ; prólogo, José Armando Tamayo Herrera]
260 _aCusco :
_bUniversidad Nacional de San Antonio Abad del Cusco,
_bFacultad de Ciencias sociales,
_c2013.
300 _aclxxix, [10], 651 paginas ;
_bil. (algunas col.), facsíms., mapa, retrs. ;
_c26 cm.
500 _a"Conmemoración del Bicentenario de la Rebelión del Cusco : 1814-2014. Hermanos Angulo"
500 _aEdición facsimilar de 1963, publicado por Ediciones de la Universidad Nacional del Cuzco.
_zIncluye referencias bibliográficas.
650 _aRebelion
_93924
650 _aTúpac Amaru, José Gabriel
_944710
650 _aRevolución de Túpac Amaru
_915410
650 _aTinta
_922001
700 _aParedes Pando, Óscar
_eprologuista
_914521
700 _aTamayo Herrera, José
_eprologuista
_911513
710 _aUniversidad Nacional de San Antonio Abad del Cusco
_bFacultad de Ciencias Sociales
_948686
942 _2ddc
_cLIBROS